01437nam2a2200229 4500001001500000005001700015035002600032100004100058101000800099102000700107105001800114200001000132210001800142215001700160327053300177461038600710801001801096801002201114801002701136852002301163852002101186v19\rc\132286220250618120440.0 a(NLR Aleph) 004559600 a20060512d1830 |||y0rusy50 ca0 arus aRU ay z 000zy0 aЧ. 3 d1830aБ. м. a[4], 162 с.1 aСодерж.: Чистосердечное признание в делах моих и помышлениях ; Поучение, говоренное в Духов день Иереем Василием в селе П* ; Отрывок из журнала путешествия в Вену ; Друг честных людей, или Стародум : периодическое издание, посвященное истине : [статьи для журнала] ; Выбор гувернёра : комедия 01001v19\rc\132285912001#$aПолное собрание сочинений Д. И. фон Визина$vЧ. 31700#1$aФонвизин$bД. И.$f1745-1792$gДенис Иванович$3RU\NLR\AUTH\7711401aФонвизин, Д. И. (1745-1792)cМоскваd1830nСалаевoЧ. 1-4p4 т.tПолное собрание сочинений Д.И. Фон ВизинаvЧ. 3 0aRUbNLRgpsbo 0aRUbRuMoRGB2psbo 1aRUbProSoft-M2rusmarc aNLRj18.47.5.12(3) aNLRj130/3320(3)